=LDR 00000nam 2200000 4500 =001 INLIS000000000042214 =005 20131008015011 =008 ***********************************Ind** =035 ##$$0010-101300000000136 =041 ##$$a Ind =082 ##$$a 813 =090 ##$$a 813, Atm n.6 =100 ##$$a Atmowiloto, Arswendo =245 ##$$a Kisah Para Ratib, Arswendo Atmowiloto =260 ##$$a 1996 $b Jakarta =300 ##$$a 292 hlm, 19 cm =850 ##$$a NBPNMAT